Euro vị thế quốc tế : Những ảnh hưởng tới hệ thống tiền tệ thế giới và kinh tế Việt Nam /

Nội dung gồm 3 chương: chương thứ I giới thiệu lịch sử ra đời của đồng Euro. Chương II Trình bày vấn đề liên quan tới vị thế của đồng Euro trên chính trường kinh tế quốc tế. Chương III nêu lên ảnh hưởng của đồng Euro đối với nền kinh tế tài chính Việt Nam....

Description complète

Enregistré dans:
Détails bibliographiques
Auteur principal: Bùi Đường Nghiêu.
Autres auteurs: Võ Minh Điều.
Format: Livre
Langue:Vietnamese
Publié: Hà Nội : Tài chính, 2000.
Sujets:
Tags: Ajouter un tag
Pas de tags, Soyez le premier à ajouter un tag!
Thư viện lưu trữ: Mạng thư viện Đại học Đà Nẵng
LEADER 01394cam a2200385 i 4500
001 000042869
003 744
005 20030930090005.0
008 010217b2000 vm 000 vie
020 |c 14500 
022 |a T 
040 |a IRC  |c IRC  |d IRC 
041 0 |a vie 
082 1 4 |a 332.042  |b BU-N 
100 1 |a Bùi Đường Nghiêu. 
245 0 0 |a Euro vị thế quốc tế :  |b Những ảnh hưởng tới hệ thống tiền tệ thế giới và kinh tế Việt Nam /  |c Bùi Đường Nghiêu, Võ Minh Điều. 
260 |a Hà Nội :  |b Tài chính,  |c 2000. 
300 |a 137tr. ;  |c 19cm. 
520 3 |a Nội dung gồm 3 chương: chương thứ I giới thiệu lịch sử ra đời của đồng Euro. Chương II Trình bày vấn đề liên quan tới vị thế của đồng Euro trên chính trường kinh tế quốc tế. Chương III nêu lên ảnh hưởng của đồng Euro đối với nền kinh tế tài chính Việt Nam. 
630 0 4 |a Kinh tế. 
630 0 4 |a Tiền tệ. 
630 0 4 |a Đồng Euro. 
650 0 4 |a Tiền tệ  |x Hệ thống. 
650 0 4 |a Euro (Tiền tệ) 
700 1 |a Võ Minh Điều. 
OWN |a DUT 
999 |a From the UDN01 
TYP |a Monograph 
TYP |a Printed language 
980 |a Mạng thư viện Đại học Đà Nẵng